U.S. Presidential Candidates Who Received the Most Total Votes - Statistics

General Stats
  • This quiz has been taken 12,210 times
  • The average score is 16 of 24
Answer Stats
Elections Votes Candidate % Correct
3 214 m Donald Trump
99%
2 135 m Barack Obama
98%
2 92.3 m Bill Clinton
95%
2 88.0 m George H. W. Bush
95%
2 112 m George W. Bush
95%
1 65.9 m Hillary Clinton
92%
1 81.3 m Joe Biden
92%
2 98.4 m Ronald Reagan
88%
4 103 m Franklin D. Roosevelt
87%
3 113 m Richard Nixon
85%
2 76.3 m Jimmy Carter
75%
1 74.9 m Kamala Harris
74%
2 69.7 m Dwight D. Eisenhower
71%
1 51.0 m Al Gore
68%
1 43.1 m Lyndon B. Johnson
68%
1 39.1 m Gerald R. Ford
66%
1 60.0 m John McCain
54%
1 60.9 m Mitt Romney
53%
1 59.0 m John Kerry
39%
1 37.6 m Walter Mondale
32%
1 39.2 m Bob Dole
31%
1 41.8 m Michael Dukakis
27%
2 53.4 m Adlai Stevenson
15%
2 44.0 m Thomas E. Dewey
15%
No matching quizzes found
Score Distribution
Percent of People with Each Score
Percentile by Number Answered
Your Score History
You have not taken this quiz